| 000 | 00681nam a22002295a 4500 | ||
|---|---|---|---|
| 001 | 38222 | ||
| 003 | BD-RjUL | ||
| 005 | 20211209052743.0 | ||
| 008 | 141126m20132012bg e b 000 0 eng | ||
| 020 |
_a9789848990742 _c: Tk.425.00 |
||
| 035 | _a(BD-RjUL)38327 | ||
| 040 |
_aBD-RjUL _beng _eBD-RjUL _cBD-RjUL |
||
| 041 | _aeng | ||
| 082 |
_223 _a378.5492 _bISH 2013 |
||
| 100 | 1 | 0 |
_aIslam, Fakhrul, _9118192 |
| 245 | 1 | 0 |
_aHigher education in Bangladesh : _bprospects and challenges / _cFakhrul Islam. |
| 260 |
_aDhaka : _bAnarjo, _c2013. |
||
| 300 |
_a238 p. : _bill. ; _c22 cm. |
||
| 504 | _aIncludes Appendix | ||
| 650 |
_aHigher education _zBangladesh _9118193 |
||
| 942 |
_2ddc _cBK |
||
| 999 |
_c38222 _d38222 |
||